000 01030nam a2200277 i 4500
001 000031023
003 DO-SdBNP
005 20230913094637.0
007 ta
008 110610s1955 dr r 000 0 spa d
040 _aDO-SdBNP
_bspa
_cBNPHU
_erda
082 4 _bR426p 1955
_222
110 2 _aRepública Dominicana.
_bMinisterio de Educación y Bellas Artes y Cultos
_957024
245 1 0 _aProgramas de la educación secundaria :
_b4to curso, ciencias físicas y naturales
264 _aCiudad Trujillo, República Dominicana :
_bSecretaría de estado de Educación y Bellas artes,
_c1955
300 _a41 p. ;
_c22 cm.
336 _2rdacontent
_atexto
_btxt
337 _2rdamedia
_asin mediación
_bn
338 _2rdacarrier
_avolumen
_bnc
500 _aAño del benefactor de la Patria
590 _aInventariado, 2023/DG
650 4 _aEducacion secundaria
_xProgramas
_zRepública Dominicana
_977270
650 4 _aActividades estudiantiles
_xProgramas
_zRepública Dominicana
_977271
910 _aDG
942 _2ddc
_cLF2
999 _c54722
_d54722